| 000 | 01507cam a22002174a 4500 | ||
|---|---|---|---|
| 005 | 20250605163956.0 | ||
| 008 | 250528s ||||||||||||||||||||||||d | ||
| 035 | _a15468 | ||
| 020 | _a471961833 | ||
| 040 |
_aGR-AtMCL _bgre _dGR-AtMCL _eAACR2 |
||
| 245 | 1 | _aStrategic Planning for Information Systems / Second Edition | |
| 250 | _a2nd | ||
| 260 |
_bJohn Wiley & Sons, _c1996 |
||
| 300 | _a590 | ||
| 520 | _aThe book explores the impact that information systems (IS) makes to the strategic development of organizations. Series Preface, Acknowledgements, The Evolving Role of Information Systems and Technology in Organizations: A Strategic Perspective, An Overview of Business Strategy Concepts and the Implications for IS/ IT Strategy, Strategic Information Systems Planning: What is Involved in Establishing a Planning Process?, IS/ IT Strategic Analysis: Assessing and Understanding the Current Situation, IS/ IT Strategic Analysis: Determining the Future Potential, Determining the Business Information Systems Strategy, Managing the Applications Portfolio, Strategic Management of IS/ IT: Organization and Resources, Strategies for Information Management, Managing Information Systems and Technology Investments, Managing Application Development, Strategies for Managing the Technology Infrastructure, Strategic Planning for Information Systems: Quo Vadis?, Index. | ||
| 700 | 1 |
_aGriffiths Pat _91393 |
|
| 700 | 1 |
_aWard John _91394 |
|
| 942 | _cBK | ||
| 999 |
_c1047 _d1047 |
||